[Event "12th American Continental"]
[Site "Medellin COL"]
[Date "2017.06.11"]
[Round "3.2"]
[White "Molina,Rob"]
[Black "Bachmann,Ax"]
[Result "0-1"]
[WhiteElo "2464"]
[BlackElo "2653"]

1.d4 Nf6 2.c4 e6 3.Nc3 Bb4 4.Qc2 d6 5.Nf3 c5 6.e3 Nc6 7.dxc5 dxc5 8.Be2 Ba5
9.O-O Bc7 10.Rd1 Qe7 11.a3 O-O 12.b3 h6 13.Bb2 b6 14.Nd2 Bb7 15.Nb5 Be5 16.Nf1
a6 17.Bxe5 Nxe5 18.Nd6 Bc6 19.f4 Ng6 20.Ng3 Rad8 21.Nde4 Nxe4 22.Nxe4 Nh4
23.Bf1 e5 24.Re1 Rfe8 25.fxe5 Qxe5 26.Ng3 Rd6 27.Rad1 Rxd1 28.Qxd1 Qc3 29.Re2
Ng6 30.e4 Nf4 31.Rf2 Qe5 32.Qg4 Ne6 33.Qf5 Qc7 34.Qg4 Qe5 35.Nf5 Kf8 36.Bd3
Rd8 37.Bc2 Bd7 38.Qh4 Re8 39.Qg3 Qxg3 40.hxg3 Ng5 41.Rd2 Bxf5 42.exf5 Re3
43.Kf2 Rc3 44.Re2 Nh7 45.Bd1 Rd3 46.Bc2 Rc3 47.Bd1 Rd3 48.Bc2 Rd4 49.Be4 Nf6
50.Bf3 a5 51.a4 h5 52.Re5 Rd2+ 53.Ke3 Rb2 54.Kf4 Rxb3 55.Bc6 Rd3 56.Bb5 Rd1
57.Re2 Rd8 58.Re1 Rd4+ 59.Kf3 Rd2 60.Re3 Kg8 61.Re7 Ng4 62.Rb7 Rf2+ 63.Ke4
Rxg2 64.Kf3 Rf2+ 65.Ke4 Nf6+ 66.Ke3 Rxf5 67.Rxb6 g5 68.Bc6 Re5+ 69.Kd3 Re6
70.Rb8+ Kg7 71.Rc8 Rd6+ 72.Ke2 Rd4 73.Bb5 Re4+ 74.Kf1 Re3 75.Rxc5 Ne4 76.Rd5
Rf3+ 77.Ke1 Rxg3 78.Rd4 f5 {#R} 0-1

[Event "10th Mayors Cup Open 2017"]
[Site "Mumbai IND"]
[Date "2017.06.08"]
[Round "7.35"]
[White "Satkar,Chirag"]
[Black "Moksh,Amit Doshi"]
[Result "0-1"]
[WhiteElo "2041"]
[BlackElo "2188"]

1.d4 Nf6 2.c4 e6 3.Nc3 Bb4 4.Qc2 O-O 5.a3 Bxc3+ 6.Qxc3 d5 7.Bg5 h6 8.Bxf6 Qxf6
9.Nf3 dxc4 10.Qxc4 Nc6 11.Rd1 e5 12.d5 Ne7 13.Qxc7 Ng6 14.g3 Bg4 15.Bg2 Rfc8
16.Qxb7 Rab8 17.Qxa7 Rxb2 18.Qe3 Rcc2 19.Nd2 Qa6 20.Be4 Rc3 21.Bd3 Qa5 22.O-O
Bh3 23.Rfe1 Qxd5 24.Qe4 Qxe4 25.Bxe4 Be6 26.Nb1 Rcb3 27.Rc1 f5 28.Bc2 Rb8
29.Red1 e4 30.Nc3 Ne5 31.Na4 Ra2 32.Nc5 Bc4 33.Nd7 Nxd7 34.Rxd7 Bxe2 35.Rd2
Bc4 36.Rd4 Ba6 37.Ra4 Rxc2 38.Rxc2 Rb1+ 39.Kg2 Bf1+ {#R} 0-1

[Event "44th OKU 2017"]
[Site "Utrecht NED"]
[Date "2017.06.11"]
[Round "6.10"]
[White "Schoehuijs,E"]
[Black "Sekandar,K"]
[Result "1-0"]
[WhiteElo "2115"]
[BlackElo "2174"]

1.d4 Nf6 2.c4 e6 3.Nc3 Bb4 4.Qc2 O-O 5.Nf3 c5 6.dxc5 Bxc5 7.Bf4 Nc6 8.e3 h6
9.Rd1 Qe7 10.h3 d5 11.Bg3 a6 12.cxd5 Nb4 13.Qb1 Nbxd5 14.Nxd5 Nxd5 15.a3 b5
16.e4 Bxa3 17.exd5 Bb4+ 18.Nd2 exd5+ 19.Be2 Re8 20.O-O Qf6 21.Bd3 Bb7 22.Nf3
Rad8 23.Nd4 Bc5 24.Nf5 Bb4 25.Bh4 g5 26.Bg3 Bc8 27.Bc7 Rd7 28.Bg3 Rdd8 29.Qc2
Bd7 30.Qb3 a5 31.Nd4 Qb6 32.Bb1 Bf8 33.Qc2 {#r} 1-0

[Event "12th American Continental"]
[Site "Medellin COL"]
[Date "2017.06.11"]
[Round "2.48"]
[White "Cardoso Cardoso,Jose Gabriel"]
[Black "Garcia,Gild"]
[Result "1-0"]
[WhiteElo "2134"]
[BlackElo "2396"]

1.d4 Nf6 2.c4 e6 3.Nc3 Bb4 4.Qc2 d5 5.cxd5 exd5 6.Bg5 c6 7.e3 Nbd7 8.Bd3 Nf8
9.Nf3 Ng6 10.O-O O-O 11.Ne5 Be7 12.f4 Re8 13.Rae1 c5 14.Qf2 Rf8 15.Qf3 cxd4
16.exd4 Bb4 17.f5 Ne7 18.Bxf6 gxf6 19.Qh5 Qb6 20.Rf4 {#r} 1-0

[Event "9th Capo d'Orso Open 2017"]
[Site "Porto Mannu Palau ITA"]
[Date "2017.06.06"]
[Round "4.2"]
[White "Guttenthaler,F"]
[Black "Rambaldi,Francesco"]
[Result "0-1"]
[WhiteElo "2334"]
[BlackElo "2555"]

1.d4 Nf6 2.c4 e6 3.Nc3 Bb4 4.Qc2 d5 5.cxd5 exd5 6.Bg5 c5 7.dxc5 h6 8.Bh4 O-O
9.e3 Be6 10.Bd3 Nbd7 11.a3 Bxc5 12.Nf3 Rc8 13.O-O Be7 14.Rac1 Nc5 15.Nd4 Qb6
16.Rfd1 Nxd3 17.Rxd3 g5 18.Bg3 Ne4 19.Be5 Rc4 20.Qb3 Qa6 21.Rdd1 Rfc8 22.Nxe6
Qxe6 23.Bd4 b6 24.Qa2 g4 25.Qa1 Ng5 26.b3 R4c6 27.Ne2 Qe4 28.Rxc6 Rxc6 29.Rc1
Rxc1+ 30.Qxc1 Ne6 31.Bb2 Qd3 32.Nd4 Bf6 33.g3 Ng5 34.Qc8+ Kh7 35.Qxg4 Qb1+
36.Kg2 Qxb2 37.Qf5+ Kg7 38.Qxd5 Bxd4 39.exd4 Qe2 40.Qe5+ Qxe5 41.dxe5 Ne6
42.f4 Nd4 {#R} 0-1

[Event "10th Mayors Cup Open 2017"]
[Site "Mumbai IND"]
[Date "2017.06.11"]
[Round "10.5"]
[White "Navalgund,N"]
[Black "Karthikeyan,P2"]
[Result "0-1"]
[WhiteElo "2351"]
[BlackElo "2502"]

1.d4 Nf6 2.c4 e6 3.Nc3 Bb4 4.Qc2 c5 5.dxc5 O-O 6.Nf3 Na6 7.g3 Nxc5 8.Bg2 Nce4
9.O-O Nxc3 10.bxc3 Be7 11.e4 d6 12.e5 dxe5 13.Nxe5 Bd6 14.Qe2 Qe7 15.Rb1 Rd8
16.Bf4 Ne8 17.Nd3 Bxf4 18.Nxf4 Qc7 19.Rfe1 h6 20.h4 Rb8 21.Qe5 Kf8 22.c5 Qxe5
23.Rxe5 Nc7 24.c6 b6 25.Ne2 f6 26.Re3 Ba6 27.a4 e5 28.f4 Nd5 29.Bxd5 Rxd5
30.c4 Rc5 31.fxe5 fxe5 32.Rf1+ Kg8 33.Rf5 Rxc6 34.Rexe5 Bxc4 35.Nd4 Rd6 36.Rf4
Rbd8 37.Nf3 Bd5 38.Re7 Rf8 39.Rxf8+ Kxf8 40.Re3 Bc6 41.Ra3 Rd5 42.Kh2 Ra5
43.Rc3 Rc5 44.Ra3 Rd5 45.g4 Ke7 46.Kg3 Kd6 47.g5 hxg5 48.Nxg5 Ra5 49.Rd3+ Ke5
50.Re3+ Kf5 51.Ne6 Kf6 52.Nf4 Bxa4 53.Re6+ Kf7 54.Rd6 Re5 55.h5 Be8 56.Kg4 Ke7
57.Rd2 Bf7 58.Rc2 Kd6 59.Rd2+ Kc6 60.Rd8 a5 61.Rf8 Re7 62.Nd3 a4 63.Ra8 b5
64.Kg5 Kb7 65.Ra5 Kb6 66.Ra8 Rd7 67.Nf4 Ra7 68.Rb8+ Ka5 69.Ne2 Bc4 70.Nd4 Rc7
71.h6 gxh6+ 72.Kxh6 b4 73.Kg5 a3 74.Kf4 b3 75.Ke3 a2 76.Ra8+ Kb4 77.Kd2 Rd7
78.Ke3 Kc3 {#R} 0-1

[Event "9th Capo d'Orso Open 2017"]
[Site "Porto Mannu Palau ITA"]
[Date "2017.06.08"]
[Round "7.10"]
[White "Breuker,D"]
[Black "Calavalle,G"]
[Result "0-1"]
[WhiteElo "2084"]
[BlackElo "2253"]

1.d4 Nf6 2.c4 e6 3.Nc3 Bb4 4.e3 c5 5.Ne2 b6 6.a3 Ba5 7.Rb1 Qe7 8.Ng3 Bxc3+
9.bxc3 d6 10.Bd3 Bb7 11.O-O Nc6 12.a4 Na5 13.f4 h5 14.d5 h4 15.Ne4 Nxe4
16.Bxe4 Nxc4 17.Qd3 Na5 18.dxe6 Qxe6 19.Bxb7 Nxb7 20.f5 Qd7 21.c4 O-O-O 22.Bb2
f6 23.e4 Qc6 24.Bc3 Rd7 25.Ra1 Re8 26.Rf4 Rde7 27.Rxh4 Rxe4 28.Rh3 Rg4 29.Rg3
Qe4 30.Qxe4 Rexe4 31.Rxg4 Rxg4 32.a5 bxa5 33.Bxa5 Rxc4 34.Be1 a5 35.Bxa5 Nxa5
36.Rxa5 Kb7 37.h3 Rc2 38.Ra3 Re2 39.Rg3 Re7 40.Kf2 d5 41.h4 d4 42.h5 c4 43.Rg4
c3 44.Rxd4 c2 45.Rb4+ Kc8 {#R} 0-1

[Event "18th ch-EUR Indiv 2017"]
[Site "Minsk BLR"]
[Date "2017.06.09"]
[Round "10.80"]
[White "Usmanov,V"]
[Black "Macieja,B"]
[Result "1-0"]
[WhiteElo "2443"]
[BlackElo "2530"]

1.d4 Nf6 2.c4 e6 3.Nc3 Bb4 4.e3 O-O 5.Ne2 d5 6.a3 Be7 7.Ng3 c5 8.dxc5 Bxc5
9.cxd5 exd5 10.Bd3 a6 11.Nh5 Nbd7 12.Nxf6+ Nxf6 13.Ne2 Bg4 14.b4 Ba7 15.Bb2
Ne4 16.O-O Qg5 17.Qe1 Rfe8 18.Kh1 Bxe2 19.Qxe2 d4 20.Bxe4 Rxe4 21.Qd3 Rg4
22.exd4 Bxd4 23.f4 Qd5 24.Rf3 Rd8 25.Rd1 Qa2 26.Rf2 Rg6 27.Bxd4 Qd5 28.Rfd2
Rgd6 29.Qg3 Rg6 30.Be3 {#r} 1-0

[Event "10th Mayors Cup Open 2017"]
[Site "Mumbai IND"]
[Date "2017.06.11"]
[Round "10.18"]
[White "Laxman,R"]
[Black "Dahale,A"]
[Result "1-0"]
[WhiteElo "2417"]
[BlackElo "2080"]

1.d4 Nf6 2.c4 e6 3.Nc3 Bb4 4.e3 O-O 5.Ne2 Re8 6.a3 Bf8 7.Ng3 d5 8.cxd5 exd5
9.Be2 c5 10.dxc5 Bxc5 11.O-O Nc6 12.b4 Bb6 13.Na4 Bc7 14.Bb2 Ne4 15.Rc1 Be5
16.Bxe5 Nxe5 17.Bb5 Rf8 18.Qd4 Nxg3 19.hxg3 Ng6 20.Rfd1 Be6 21.e4 dxe4 22.Qxe4
Qg5 23.Nc5 Bg4 24.f4 Qf6 25.Rd5 b6 26.Nd7 Bxd7 27.Rxd7 Qb2 28.Qe3 Rad8 29.Qc3
Qxc3 30.Rxc3 Rxd7 31.Bxd7 Rd8 32.Rc7 Nf8 33.Bb5 Rd5 34.Be8 Rf5 35.Rxa7 g5
36.fxg5 Ne6 37.g4 Rf4 38.Rb7 Nxg5 39.Rxb6 Rxg4 40.a4 Nf3+ 41.Kf1 Nd2+ 42.Kf2
Ne4+ 43.Kg1 Nc3 44.Rb8 Kg7 45.a5 Nd5 46.a6 {#r} 1-0

[Event "9th Lublin GM 2017"]
[Site "Lublin POL"]
[Date "2017.06.08"]
[Round "6.3"]
[White "Natsidis,C"]
[Black "Romanishin,O"]
[Result "0-1"]
[WhiteElo "2312"]
[BlackElo "2448"]

1.d4 Nf6 2.c4 e6 3.Nc3 Bb4 4.e3 O-O 5.Ne2 d5 6.a3 Be7 7.cxd5 Nxd5 8.e4 Nxc3
9.Nxc3 c5 10.d5 exd5 11.exd5 Bf6 12.Be2 Bf5 13.O-O Qb6 14.Na4 Qd6 15.Be3 Nd7
16.Qd2 a6 17.Rac1 Rac8 18.b4 c4 19.Nc5 c3 20.Qa2 Nxc5 21.Bxc5 Rxc5 22.bxc5
Qxc5 23.Bc4 b5 24.Bb3 Bg5 25.Rc2 Bxc2 26.Bxc2 Be7 27.a4 Bd6 28.axb5 axb5
29.Re1 g6 30.g3 b4 31.Re4 Qb5 32.h4 Rb8 33.Bb3 Qd3 34.Re3 Qf5 35.Kg2 h5 36.Qa6
Qd7 37.Re4 Qc7 38.Qe2 Kg7 39.Rc4 Qd7 40.Qe3 Qf5 41.Rc6 Rd8 42.Qb6 Qe4+ 43.Kg1
Ra8 {#R} 0-1

[Event "12th Teplice Open 2017"]
[Site "Teplice CZE"]
[Date "2017.06.10"]
[Round "1.3"]
[White "Milikow,Yoav"]
[Black "Dragun,K"]
[Result "0-1"]
[WhiteElo "2057"]
[BlackElo "2614"]

1.d4 Nf6 2.c4 e6 3.Nc3 Bb4 4.e3 O-O 5.Ne2 Re8 6.a3 Bf8 7.Ng3 d5 8.Be2 dxc4
9.Bxc4 c5 10.O-O cxd4 11.exd4 Nbd7 12.Re1 Nb6 13.Bb3 Bd7 14.Qd3 Bc6 15.Bg5 h6
16.Bd2 Nbd5 17.Bc2 g6 18.h4 Nxc3 19.bxc3 Qd5 20.f3 Bb5 21.Qe3 e5 22.Ne4 Nxe4
23.fxe4 Qc4 24.Rab1 exd4 25.cxd4 Rad8 26.Bc3 Rc8 27.Ba1 Qxc2 28.Rxb5 b6 29.h5
Qc6 30.a4 a6 31.Rbb1 gxh5 32.d5 Qc5 33.Kh1 Qxe3 34.Rxe3 Rc4 35.Rg3+ Kh7 36.Rf1
f6 37.e5 Rh4+ 38.Rh3 Rxh3+ 39.gxh3 fxe5 40.Kg2 Bc5 41.Rd1 e4 42.d6 Rg8+ 43.Kh2
e3 44.d7 Rd8 45.Bf6 e2 46.Re1 Rxd7 47.Rxe2 Kg6 48.Bb2 Rd3 49.Kg2 h4 50.Bc1
Rg3+ 51.Kh2 Rc3 52.Bf4 Kf5 53.Bb8 Rc4 54.Re5+ Kf6 55.Rh5 Kg6 56.Rd5 Rxa4
57.Ba7 Rb4 58.Kg2 a5 59.Kf1 a4 60.Ke2 a3 {#R} 0-1

[Event "18th ch-EUR Indiv 2017"]
[Site "Minsk BLR"]
[Date "2017.06.10"]
[Round "11.77"]
[White "Balashov,Y"]
[Black "Baron,Ta"]
[Result "0-1"]
[WhiteElo "2408"]
[BlackElo "2540"]

1.d4 Nf6 2.c4 e6 3.Nc3 Bb4 4.e3 O-O 5.Bd3 c5 6.Nf3 b6 7.O-O Bb7 8.Na4 cxd4
9.a3 Bd6 10.exd4 Bxf3 11.Qxf3 Nc6 12.Be3 e5 13.Rad1 exd4 14.Bg5 Be7 15.Rfe1 h6
16.Bh4 Rc8 17.Bf5 Rc7 18.b4 d6 19.Nb2 Re8 20.Qe2 g5 21.Bg3 Bf8 22.Qd2 Rxe1+
23.Rxe1 Re7 24.f3 Bg7 25.Rxe7 Qxe7 26.Bf2 d5 27.Qc2 dxc4 28.Qxc4 Qd6 29.Nd3
Ne7 30.g4 Nfd5 31.Bg3 Qd8 32.Be4 Nc3 33.Ne5 Bxe5 34.Bxe5 Nxe4 35.fxe4 d3 {#R}
0-1

[Event "18th ch-EUR Indiv 2017"]
[Site "Minsk BLR"]
[Date "2017.06.08"]
[Round "9.30"]
[White "Rakhmanov,Ale"]
[Black "Predke,A"]
[Result "1-0"]
[WhiteElo "2676"]
[BlackElo "2566"]

1.d4 Nf6 2.c4 e6 3.Nc3 Bb4 4.e3 O-O 5.Bd3 d5 6.cxd5 exd5 7.Ne2 Re8 8.O-O Bf8
9.Bd2 b6 10.a3 c5 11.Rc1 Ba6 12.Bb1 Nc6 13.Re1 Qd7 14.Bc2 Rab8 15.h3 g6 16.Ba4
b5 17.Bc2 c4 18.Nf4 Bc8 19.Qf3 Ne7 20.Nxg6 hxg6 21.Qxf6 a5 22.Ra1 Qb7 23.Qf3
b4 24.axb4 axb4 25.Na4 Nf5 26.Nc5 Qc7 27.Qxd5 Bxc5 28.Qxc5 Qxc5 29.dxc5 c3
30.bxc3 Rd8 31.Bc1 b3 32.Rb1 Be6 33.Bd1 Ne7 34.e4 Rd3 35.Bb2 Nc6 36.Be2 Rd2
37.Bc1 Rc2 38.Bf4 Rb7 39.Ba6 Ra7 40.Bb5 Na5 41.Red1 f6 42.c6 Kf7 43.c7 g5
44.Bd7 Rxc3 45.Bxe6+ Kxe6 46.Rdc1 {#r} 1-0

[Event "CHN Team Men 2017"]
[Site "Beijing CHN"]
[Date "2017.06.11"]
[Round "6.2"]
[White "Xiu Deshun"]
[Black "Xu,Yi"]
[Result "1-0"]
[WhiteElo "2554"]
[BlackElo "2451"]
[EventType "team"]

1.d4 Nf6 2.c4 e6 3.Nf3 d5 4.Nc3 Bb4 5.e3 O-O 6.Bd2 b6 7.Rc1 a6 8.cxd5 exd5
9.Bd3 Bb7 10.O-O Nbd7 11.Ne5 Re8 12.f4 c5 13.a3 Bxc3 14.Bxc3 c4 15.Bf5 Nf8
16.g4 b5 17.g5 Ne4 18.Bxe4 dxe4 19.Qh5 Bd5 20.f5 Qb6 21.Ng4 a5 22.f6 g6 23.Qh6
Ne6 24.Ne5 Qd6 25.Nd7 Ra7 26.Rf4 Qxf4 27.exf4 Rxd7 28.Re1 {#r} 1-0

[Event "CHN Team Men 2017"]
[Site "Beijing CHN"]
[Date "2017.06.06"]
[Round "1.4"]
[White "Zhou,Jiangnan"]
[Black "Xu,Yi"]
[Result "1-0"]
[WhiteElo "2115"]
[BlackElo "2451"]
[EventType "team"]

1.d4 Nf6 2.c4 e6 3.Nc3 Bb4 4.e3 O-O 5.Nf3 d5 6.Bd3 c5 7.O-O cxd4 8.exd4 dxc4
9.Bxc4 b6 10.Bg5 Bb7 11.Rc1 Nbd7 12.Qe2 h6 13.Bh4 Rc8 14.Bb3 g5 15.Bg3 Bxc3
16.bxc3 Ne4 17.c4 f5 18.c5 Bd5 19.Bxd5 exd5 20.c6 Ndf6 21.Be5 Qe8 22.Qb5 Qe6
23.c7 Qe8 24.a4 Kh7 25.Rc6 f4 26.h3 Qg6 27.Re1 g4 28.hxg4 Qxg4 29.Bxf6 Nxf6
30.Re7+ Kh8 31.Ne5 Qh5 32.f3 {#r} 1-0

[Event "CHN Team Men 2017"]
[Site "Beijing CHN"]
[Date "2017.06.07"]
[Round "2.5"]
[White "Wu Xibin"]
[Black "Xu,Yi"]
[Result "0-1"]
[WhiteElo "2232"]
[BlackElo "2451"]
[EventType "team"]

1.d4 Nf6 2.c4 e6 3.Nf3 d5 4.Nc3 Bb4 5.e3 O-O 6.Bd3 c5 7.O-O cxd4 8.exd4 dxc4
9.Bxc4 b6 10.Bg5 Bb7 11.Re1 Nbd7 12.Qb3 Bxc3 13.bxc3 Bxf3 14.gxf3 Qc7 15.Rac1
h6 16.Bh4 Qf4 17.Bg3 Qxf3 18.Bf1 Rac8 19.Bg2 Qg4 20.Bb7 Rcd8 21.Qb5 Nd5 22.c4
Nf4 23.c5 bxc5 24.dxc5 Nf6 25.c6 Nh3+ 26.Kg2 Nf4+ 27.Kg1 Nh3+ 28.Kf1 Rd2 29.c7
Qxg3 {#R} 0-1

[Event "12th Teplice Open 2017"]
[Site "Teplice CZE"]
[Date "2017.06.10"]
[Round "1.9"]
[White "Mohapl,P"]
[Black "Stefansson,H"]
[Result "0-1"]
[WhiteElo "2040"]
[BlackElo "2548"]

1.d4 Nf6 2.c4 e6 3.Nc3 Bb4 4.e3 d5 5.Nf3 O-O 6.Bd3 c5 7.O-O Nc6 8.a3 Bxc3
9.bxc3 Qc7 10.Qe2 dxc4 11.Bxc4 e5 12.d5 Na5 13.Ba2 Ne4 14.Qc2 Nd6 15.c4 Bf5
16.Qc3 Rfe8 17.Nd2 b5 18.f4 bxc4 19.Nxc4 Naxc4 20.Bxc4 Ne4 21.Qe1 exf4 22.Rxf4
Qe5 23.Ra2 Rab8 24.Qf1 Nd6 25.Bd3 Bxd3 26.Qxd3 c4 27.Qc2 Ne4 28.Rb2 Rxb2
29.Qxb2 Qxd5 30.Qb4 a5 31.Qb6 c3 32.Qc7 h6 33.a4 f5 34.Rf1 Nd2 35.Re1 Qd3
36.Qf4 Nb3 37.Qc7 {#R} 0-1

[Event "10th Mayors Cup Open 2017"]
[Site "Mumbai IND"]
[Date "2017.06.06"]
[Round "4.7"]
[White "Akash Pc,I"]
[Black "Amonatov,F"]
[Result "0-1"]
[WhiteElo "2282"]
[BlackElo "2632"]

1.d4 Nf6 2.c4 g6 3.f3 Bg7 4.e4 O-O 5.Ne2 d6 6.Nec3 e5 7.d5 a5 8.Be3 Na6 9.Qd2
Nh5 10.Nb5 b6 11.N1c3 f5 12.O-O-O Nc5 13.Bd3 Nf6 14.Bc2 f4 15.Bf2 g5 16.h3 h5
17.b3 Nh7 18.Kb2 Rf7 19.Ra1 g4 20.hxg4 hxg4 21.Bd1 g3 22.Bg1 Nf8 23.a3 Ng6
24.b4 Nb7 25.Be2 Bf6 26.Na4 Nh4 27.Bd3 Rh7 28.Qc2 Be7 29.c5 bxc5 30.bxc5 dxc5
31.Nxc5 Nd6 32.Rb1 Rb8 33.Ka1 Nxb5 34.Bxb5 Bd6 35.a4 Qe7 36.Rc1 Qf8 37.Ka2 Qf7
38.Ka1 Rh5 39.Qa2 Nxf3 40.Rxh5 Qxh5 41.gxf3 Qxf3 42.Be2 Qg2 43.Bh5 Bh3 44.Qxg2
Bxg2 45.Bg4 Rb4 46.Be6+ Kg7 47.Bf5 f3 48.Nd3 Rxa4+ 49.Kb1 Ra3 50.Rd1 Kf6
51.Ne1 Bf1 52.Nc2 Rb3+ 53.Kc1 Be2 {#R} 0-1

[Event "44th OKU 2017"]
[Site "Utrecht NED"]
[Date "2017.06.10"]
[Round "4.8"]
[White "Heemskerk,W"]
[Black "Elgersma,Simon"]
[Result "0-1"]
[WhiteElo "2191"]
[BlackElo "2142"]

1.Nf3 Nf6 2.c4 g6 3.g3 Bg7 4.Bg2 O-O 5.O-O d6 6.d4 Bf5 7.Nc3 Ne4 8.Ne1 Nxc3
9.bxc3 Qc8 10.Nd3 Bh3 11.Bxh3 Qxh3 12.Nf4 Qc8 13.Rb1 e6 14.e3 c5 15.Qe2 b6
16.Bd2 Nd7 17.Rfd1 Qa6 18.Be1 Rfd8 19.a4 Rac8 20.Rdc1 Rc7 21.a5 Rdc8 22.Ra1
bxa5 23.Rcb1 a4 24.Rb5 cxd4 25.cxd4 Nb6 26.Ra5 Qb7 27.Bb4 Rxc4 28.Ba3 Rc3
29.Qd1 Rb3 30.Ne2 Qe4 31.Nc1 Rb1 32.Rxb1 Qxb1 33.Rxa7 Nc4 {#R} 0-1

[Event "44th OKU 2017"]
[Site "Utrecht NED"]
[Date "2017.06.10"]
[Round "3.2"]
[White "Horvath,Cs1"]
[Black "Smits,Mar"]
[Result "1-0"]
[WhiteElo "2503"]
[BlackElo "2211"]

1.d4 Nf6 2.Nf3 g6 3.c4 Bg7 4.Nc3 O-O 5.Bg5 h6 6.Bh4 c5 7.e3 cxd4 8.Nxd4 d6
9.Be2 Nbd7 10.O-O a6 11.b4 Qb6 12.a3 g5 13.Bg3 Re8 14.Nf5 Nf8 15.c5 dxc5
16.Na4 Qa7 17.Nxg7 Kxg7 18.bxc5 Bf5 19.Nb6 Rad8 20.Qc1 e5 21.Qb2 Ng6 22.f4
gxf4 23.exf4 Ne4 24.fxe5 Be6 25.Be1 Qb8 26.Nc4 Bxc4 27.Bxc4 Qxe5 28.Rxf7+ Kh8
29.Rxb7 Rd4 30.Bf7 Nxc5 31.Bxe8 Nd3 32.Qd2 Ndf4 33.Qc2 Ne2+ 34.Kh1 Rf4 35.Bc3
Ng3+ 36.hxg3 {#r} 1-0

[Event "9th Capo d'Orso Open 2017"]
[Site "Porto Mannu Palau ITA"]
[Date "2017.06.06"]
[Round "4.11"]
[White "Yugina,M"]
[Black "De Rosa,M"]
[Result "1-0"]
[WhiteElo "2050"]
[BlackElo "2150"]

1.d4 Nf6 2.Nf3 g6 3.c4 Bg7 4.Nc3 d6 5.Bg5 h6 6.Bh4 O-O 7.e3 g5 8.Bg3 Nh5 9.Qc2
f5 10.Be2 c5 11.dxc5 Nxg3 12.fxg3 dxc5 13.Rd1 Qa5 14.O-O Bxc3 15.bxc3 Nc6
16.g4 Kg7 17.h4 fxg4 18.Nxg5 Rxf1+ 19.Bxf1 hxg5 20.Rd5 e5 21.h5 Qc7 22.Qg6+
Kf8 23.Rd6 Nd8 24.Rf6+ Nf7 25.h6 Be6 26.h7 Ke7 27.Rxe6+ Kd8 28.h8=Q+ {#r} 1-0

[Event "18th ch-EUR Indiv 2017"]
[Site "Minsk BLR"]
[Date "2017.06.10"]
[Round "11.56"]
[White "Neiksans,A"]
[Black "Neverov,V"]
[Result "1-0"]
[WhiteElo "2599"]
[BlackElo "2472"]

1.Nf3 Nf6 2.c4 g6 3.d4 Bg7 4.g3 O-O 5.Bg2 d6 6.O-O c6 7.Nc3 Bf5 8.Nh4 Bd7 9.e4
e5 10.Nf3 Re8 11.Re1 Na6 12.Rb1 b5 13.cxb5 cxb5 14.Bg5 h6 15.Bxf6 Bxf6 16.dxe5
dxe5 17.Qd6 Nc7 18.Rbd1 Be6 19.Qc5 Qb8 20.Nd5 Nxd5 21.exd5 Bg4 22.h3 Bxf3
23.Bxf3 Qb6 24.b4 Rec8 25.Qxb6 axb6 26.d6 Rxa2 27.d7 Rd8 28.Bc6 Rb2 29.Re4 Kg7
30.Bxb5 Ra8 31.Bc6 Raa2 32.Bd5 Rd2 33.Rxd2 Rxd2 34.Rxe5 Rd1+ 35.Kg2 b5 36.Kf3
Rd4 37.Ke3 Rd1 38.Ke2 Rd4 39.g4 Kh7 40.h4 Rxg4 41.Re8 Bxh4 42.d8=Q Bxd8
43.Rxd8 f5 44.Rd7+ Kh8 45.Rb7 Rxb4 46.Bf7 g5 47.Bg6 Re4+ 48.Kf3 Re5 49.Rf7 Kg8
50.Kg2 Rc5 51.Rb7 Re5 52.Kg3 Kf8 53.Bh5 Kg8 54.Bd1 Kh8 55.Kg2 Rc5 56.Be2 Re5
57.Bxb5 h5 58.Bd3 h4 59.Rf7 g4 60.Rxf5 Rxf5 61.Bxf5 g3 62.f4 Kg7 63.Kh3 Kf6
64.Be4 {#r} 1-0

[Event "CHN Team Women 2017"]
[Site "Beijing CHN"]
[Date "2017.06.06"]
[Round "1.2"]
[White "Li Xueyi"]
[Black "Zhang Xiaowen"]
[Result "1-0"]
[WhiteElo "2146"]
[BlackElo "2355"]
[EventType "team"]

1.d4 d6 2.Nf3 Nf6 3.c4 g6 4.g3 Bg7 5.Bg2 O-O 6.O-O Nc6 7.Nc3 e5 8.d5 Nb8 9.c5
Na6 10.cxd6 cxd6 11.Ne1 Bd7 12.a4 Qe7 13.e4 Rfc8 14.Nd3 Be8 15.Bg5 h6 16.Be3
b6 17.a5 b5 18.Na2 Qb7 19.Nab4 Nxb4 20.Nxb4 Rc4 21.a6 Qe7 22.Qe1 Ng4 23.Bd2 f5
24.b3 Rc7 25.f3 Nf6 26.Qe2 Rac8 27.Rfc1 Rxc1+ 28.Rxc1 Rxc1+ 29.Bxc1 Qc7 30.Qc2
Qc5+ 31.Qxc5 dxc5 32.Nc6 Bxc6 33.dxc6 Ne8 34.exf5 gxf5 35.Bh3 Nc7 36.Bxf5 Nxa6
37.Be6+ Kf8 38.Be3 Ke7 39.Bc8 Kd6 40.Bxa6 Kxc6 41.Kf1 Kb6 42.Bc8 a5 43.Be6 Kc6
44.Ke2 c4 45.bxc4 b4 46.Bd5+ Kc7 47.Be4 Bf8 48.Bc2 {#r} 1-0

[Event "18th ch-EUR Indiv 2017"]
[Site "Minsk BLR"]
[Date "2017.06.06"]
[Round "7.88"]
[White "Davtyan,Artur"]
[Black "Smirin,I"]
[Result "1-0"]
[WhiteElo "2216"]
[BlackElo "2676"]

1.d4 Nf6 2.c4 g6 3.Nf3 Bg7 4.Nc3 d6 5.g3 O-O 6.Bg2 Nbd7 7.O-O e5 8.h3 Re8 9.e4
exd4 10.Nxd4 Nc5 11.Re1 Bd7 12.Bf4 h6 13.Qc2 Nh7 14.Qd2 h5 15.Rad1 Qc8 16.h4
Bh3 17.Kh2 Bxg2 18.Kxg2 Nf6 19.e5 dxe5 20.Bxe5 c6 21.Qc2 Ncd7 22.Bf4 Rxe1
23.Rxe1 Ng4 24.Nf3 Nc5 25.Ng5 Qd7 26.Rd1 Qe8 27.Nce4 Nxe4 28.Nxe4 Qe7 29.Bd6
Qe6 30.Nc5 Qc8 31.Be7 Qe8 32.Bg5 b6 33.Ne4 Qe5 34.b3 Re8 35.Nd6 Re6 36.Bf4 Qe2
37.Qxe2 Rxe2 38.Rd2 Re7 39.Nc8 Rb7 40.Re2 b5 41.Ne7+ Kh7 42.Nxc6 bxc4 43.bxc4
Nf6 44.Be5 Rd7 45.c5 Nd5 46.Bd6 Bf6 47.Re8 Nc7 48.Rc8 Nb5 49.Bf4 Nc3 50.Nb8
Rd3 51.c6 Nd5 52.c7 Rc3 53.Na6 Ne7 54.Re8 Rc2 55.Nb8 {#r} 1-0

[Event "12th American Continental"]
[Site "Medellin COL"]
[Date "2017.06.11"]
[Round "2.45"]
[White "Benitez Rodriguez,C"]
[Black "Valdes,Le"]
[Result "0-1"]
[WhiteElo "2144"]
[BlackElo "2407"]

1.d4 Nf6 2.c4 g6 3.g3 Bg7 4.Bg2 O-O 5.Nc3 d6 6.Nf3 Nbd7 7.e4 e5 8.d5 Nc5 9.Qc2
a5 10.O-O Bd7 11.Ne1 Nh5 12.Nd3 b6 13.Bd2 f5 14.f3 Bf6 15.Nf2 f4 16.Ne2 Be7
17.b3 Rf7 18.a3 a4 19.b4 Nb3 20.Rad1 fxg3 21.hxg3 Bg5 22.Be1 Be3 23.Kh2 Qg5
24.Nh3 Qh6 25.Rd3 Raf8 26.Qc3 Bg5 27.Nxg5 Nf4+ 28.Nh3 Nxg2 29.Ng1 Nxe1 30.Qxe1
b5 31.Qc3 bxc4 32.Rdd1 Nd4 33.Kg2 Bxh3+ 34.Nxh3 Rxf3 35.Rxf3 Rxf3 36.Qxc4 Qe3
{#R} 0-1

[Event "8th Dolomiti Open 2017"]
[Site "Forni di Sopra ITA"]
[Date "2017.06.12"]
[Round "3.9"]
[White "Sgircea,S"]
[Black "Qendro,L"]
[Result "0-1"]
[WhiteElo "2208"]
[BlackElo "2328"]

1.Nf3 g6 2.d4 Bg7 3.g3 d6 4.Bg2 Nf6 5.O-O O-O 6.c4 Nbd7 7.Nc3 e5 8.e4 exd4
9.Nxd4 Re8 10.h3 Nc5 11.Re1 Nfd7 12.Be3 Ne5 13.b3 Bd7 14.Kh2 h5 15.Qd2 Qc8
16.f4 Ned3 17.Red1 f5 18.exf5 Bxf5 19.Rab1 a5 20.a3 a4 21.Nxa4 Be4 22.Bxe4
Rxe4 23.Nxc5 Nxc5 24.Nc2 Qe6 25.Re1 Re8 26.Kg2 Kh7 27.Bxc5 dxc5 28.Qf2 Qc6
29.Kg1 Bc3 30.Rxe4 Qxe4 31.Rd1 Qe6 32.Kg2 b6 33.Rd5 Qe4+ 34.Kg1 c6 35.Rd7+ Kh8
36.Rd1 Qe6 37.Kg2 b5 38.cxb5 cxb5 39.b4 c4 40.Kh2 Qe2 41.Rf1 Qd3 42.Ne1 Qe2
43.Ng2 Qxf2 44.Rxf2 Ra8 45.f5 Rxa3 46.fxg6 Bxb4 47.Nf4 Be1 48.Rg2 Rf3 49.Nxh5
Bf2 50.Nf4 b4 {#R} 0-1

[Event "FSIM June 2017"]
[Site "Budapest HUN"]
[Date "2017.06.07"]
[Round "5.1"]
[White "Pujari,R"]
[Black "Farago,S"]
[Result "0-1"]
[WhiteElo "2199"]
[BlackElo "2273"]

1.d4 Nf6 2.c4 g6 3.g3 Bg7 4.Bg2 d6 5.Nf3 Nbd7 6.O-O O-O 7.Nc3 e5 8.e4 Re8
9.Re1 a6 10.h3 exd4 11.Nxd4 Ne5 12.b3 c5 13.Nde2 Rb8 14.f4 Nc6 15.Be3 Be6
16.Qd2 Qa5 17.Qxd6 Nd4 18.Bxd4 cxd4 19.Qxd4 Nd5 20.e5 Nb4 21.Ne4 Nc2 22.Qc5 b5
23.Nd4 Rec8 24.b4 Nxb4 25.Qe7 Bxc4 26.Kh2 Nd5 27.Qh4 Qb6 28.Rad1 Rd8 29.Nd6
Nc3 30.Nc6 Nxd1 31.Rxd1 Qc7 32.Nxd8 Qxd8 33.Qg4 Bxa2 34.Nxf7 Qe7 35.Nd6 Be6
36.Qe2 Qc7 37.g4 Bb3 38.Rb1 Bf7 39.Rd1 Kh8 40.e6 Be8 41.Kh1 b4 42.f5 b3 43.Qf3
Qc3 44.Qxc3 Bxc3 45.Ne4 Bb4 46.f6 b2 47.Rb1 Ba3 48.Nc3 Rc8 49.f7 Bxf7 50.exf7
Rxc3 51.Rg1 Rc1 52.Be4 Kg7 53.Kg2 Kxf7 54.h4 Bc5 55.Rf1+ Kg7 56.h5 a5 57.Bb1
a4 58.Ba2 Rxf1 59.Kxf1 gxh5 60.gxh5 Kh6 61.Bb1 a3 62.Ke2 Kxh5 63.Kd3 Kg4
64.Kc4 Be7 65.Kb3 h5 66.Be4 h4 67.Ka2 h3 68.Bd5 h2 69.Be6+ Kg3 70.Bd5 Kf2
71.Kb1 Kg1 72.Be4 h1=Q 73.Bxh1 Kxh1 74.Kc2 Kg2 75.Kb1 Kf3 76.Kc2 Ke3 77.Kb1
Kd2 78.Ka2 Kc1 {#R} 0-1